| 000 | 00424cam a2200145 4500500 | ||
|---|---|---|---|
| 005 | 20260329014242.0 | ||
| 041 | _afre | ||
| 042 | _adc | ||
| 100 | 1 | 0 |
_aBourgeois, Didier _eauthor |
| 245 | 0 | 0 | _aPages de début |
| 260 | _c2006. | ||
| 500 | _a10 | ||
| 786 | 0 | _nPsy Cause | 44-45 | 2-3 | 2006-01-02 | p. 1-1 | 1245-2394 | |
| 856 | 4 | 1 | _uhttps://shs.cairn.info/revue-psy-cause-2006-2-3-page-1?lang=fr&redirect-ssocas=7080 |
| 999 |
_c1887550 _d1887550 |
||